000 00578nam a22001937a 4500
005 20251108174946.0
008 250721s2004 xx 000 0 ara d
020 _a9957091816
082 1 4 _a811.9611/فاي
100 1 _aفايزه، ميلاد
245 1 0 _aبقايا البيت الذي دخلناه مرة واحدة : شعر /
264 1 _aعمان :
_bأزمنة للنشر والتوزيع،
_c2004.
300 _a74ص.
650 1 7 _aالشعر العربي
650 1 7 _aالعصر الحديث
650 1 7 _aتونس
942 _2ddc
_cBK
999 _c122535
_d122535